=LDR 00000nam 2200000 4500 =001 INLIS000000000010767 =005 20130612102402 =008 ***********************************Ind** =035 ##$$0010-061300000010767 =041 ##$$a Ind =082 ##$$a 400.7 =090 ##$$a 400.7, Sur e =100 ##$$a Surana =245 ##$$a lembar kegiatan siwa pembelajaran Bahasa Indonesia utk SMU, Surana, Agus Susatya =260 ##$$a 1995 $b Solo =300 ##$$a 112 hlm; 28 cm =650 ##$$a Bahasa Indonesia =650 ##$$a Kegiatann siswa =700 ##$$a Susatya, Agus =850 ##$$a NBPNMAT